| 000 | 00741nam a22001935i 4500 | ||
|---|---|---|---|
| 001 | 168867 | ||
| 003 | ES-MaACL | ||
| 005 | 20230906213920.0 | ||
| 008 | 080617s1928 fr |||| | fre d | ||
| 080 | _a782.8 | ||
| 100 | 1 |
_aLaparra, Raoul. _9137996 |
|
| 245 | 1 | 4 |
_aLas toreras [ _hmúsica impresa] _b: zarzuela en un acte suivie d'un ballet / _cd'après Tirso de Molina ; paroles et musique de Raoul Laparra. |
| 260 |
_aParis : _bRené Gilles, _c[1928] |
||
| 300 |
_a1 partitura vocal ( [12], 119 p.) ; _c28 cm. |
||
| 650 | 1 | 4 |
_aZarzuelas- _xPartituras vocales. _9138109 |
| 700 | 1 |
_aMolina, Tirso de, _d1579-1648 _9226522 |
|
| 852 | 4 |
_aES-MaACL _jL-29331 _9R.141079 _zBiblioteca Jacinto Martínez Lacalle |
|
| 999 |
_c168867 _d168867 |
||